ბათუმის შოთა რუსთაველის სახელმწიფო უნივერსიტეტის ბიბლიოთეკა

Финансовый анализ : (ბიბ.ჩანაწერი № 50297)

000 -LEADER
fixed length control field 01170nam a2200265Ia 4500
001 - CONTROL NUMBER
control field 17237
003 - CONTROL NUMBER IDENTIFIER
control field GE_BSU
005 - DATE AND TIME OF LATEST TRANSACTION
control field 20200204143757.0
008 - FIXED-LENGTH DATA ELEMENTS--GENERAL INFORMATION
fixed length control field 181216s2013ru xx |||||||||||||| ||rus||
020 ## - INTERNATIONAL STANDARD BOOK NUMBER
International Standard Book Number 9785238023588
040 ## - CATALOGING SOURCE
Transcribing agency GE_BSU
080 ## - UNIVERSAL DECIMAL CLASSIFICATION NUMBER
Universal Decimal Classification number 657.3(075.8) Т-88
100 ## - MAIN ENTRY--PERSONAL NAME
Personal name Турманидзе, Теймураз.
9 (RLIN) 6776
245 ## - TITLE STATEMENT
Title Финансовый анализ :
Remainder of title Учеб.пособ. для студ.вузов,обучающихся по экономическим специальностям /
Statement of responsibility, etc. Теймураз Турманидзе ; Гл. ред . Н.Д. Эриашвили ; ред . Т. М. Дубович .
250 ## - EDITION STATEMENT
Edition statement 2-е изд,перераб,и доп
264 ## - PRODUCTION, PUBLICATION, DISTRIBUTION, MANUFACTURE, AND COPYRIGHT NOTICE
Place of production, publication, distribution, manufacture Москва :
Name of producer, publisher, distributor, manufacturer Юнити,
Date of production, publication, distribution, manufacture, or copyright notice 2013.
300 ## - PHYSICAL DESCRIPTION
Extent 287 стр .:
Dimensions 22 см.
505 ## - FORMATTED CONTENTS NOTE
Formatted contents note библиог,стр 278-287
653 ## - INDEX TERM--UNCONTROLLED
keyword Финансовый анализ
653 ## - INDEX TERM--UNCONTROLLED
keyword ბუღალტერია
653 ## - INDEX TERM--UNCONTROLLED
keyword ეკონომიკა
700 ## - ADDED ENTRY--PERSONAL NAME
Personal name Эриашвили, Н. Д .
Relator term მთავარი რედაქტორი
9 (RLIN) 6777
700 ## - ADDED ENTRY--PERSONAL NAME
Personal name Дубович, Т. М.
Relator term რედაქტორი
9 (RLIN) 6775
942 ## - ADDED ENTRY ELEMENTS (KOHA)
Koha item type წიგნი
Source of classification or shelving scheme
ეგზემპლარები
Withdrawn status Lost status Source of classification or shelving scheme Damaged status Not for loan Permanent Location Current Location Shelving location Date acquired Full call number Barcode Date last seen Copy number Price effective from Koha item type
          ბათუმის შოთა რუსთაველის სახელმწიფო უნივერსიტეტის მთავარი ბიბლიოთეკა ბათუმის შოთა რუსთაველის სახელმწიფო უნივერსიტეტის მთავარი ბიბლიოთეკა წიგნსაცავი 2018-12-17 657.3(075.8) Т-88 45250 2018-12-17 45250 2018-12-17 წიგნი